[Event "Hart House Holidays op"]
[Site "Toronto CAN"]
[Date "2010.12.18"]
[Round "2.8"]
[White "Abrahams, Daniel"]
[Black "Moffat, Andrei"]
[Result "1/2-1/2"]
[WhiteElo "2089"]
[BlackElo "2260"]
[PlyCount "68"]
[EventDate "2010.12.17"]
[EventRounds "5"]
[EventCountry "CAN"]
[SourceTitle "OM OTB B 201907"]
[Source "Opening Master"]
[SourceDate "2019.07.06"]
[SourceVersion "2"]
[SourceVersionDate "2019.07.06"]
[SourceQuality "1"]

1. e4 c5 2. Nf3 Nc6 3. Nc3 d6 4. d4 cxd4 5. Nxd4 Nf6 6. Be2 e5 7. Nb3 Be6 8.
Bg5 Be7 9. O-O O-O 10. Bxf6 Bxf6 11. Nd5 Bg5 12. Bg4 Qd7 13. h3 Kh8 14. Bxe6
fxe6 15. Qg4 Bh6 16. Rad1 Qf7 17. Nc3 Rad8 18. Nb5 d5 19. Nc5 Rfe8 20. c4 a6
21. cxd5 exd5 22. exd5 axb5 23. dxc6 bxc6 24. b3 Rd5 25. Ne4 Red8 26. Nc3 Rd4
27. Qe2 b4 28. Ne4 Qd5 29. Rxd4 exd4 30. Qd3 Re8 31. Re1 g6 32. Re2 Rf8 33. Ng3
Bf4 34. Ne4 Bh6 1/2-1/2

[Event "62nd GK tournament"]
[Site "http://gameknot.com/chess.pl?"]
[Date "2010.12.13"]
[Round "?"]
[White "Kikoursus"]
[Black "Combatiente"]
[Result "1/2-1/2"]
[WhiteElo "2254"]
[BlackElo "2347"]
[PlyCount "135"]
[EventDate "2010.??.??"]

1. e4 c5 2. Nf3 d6 3. d4 cxd4 4. Nxd4 Nf6 5. Nc3 Nc6 6. Be2 e5 7. Nf3 h6 8. O-O
Be7 9. Bc4 O-O 10. a3 Be6 11. Qd3 Rc8 12. Ba2 a6 13. Rd1 b5 14. Nd5 Bxd5 15.
Bxd5 Nxd5 16. Qxd5 Nd4 17. Nxd4 exd4 18. a4 Rxc2 19. Qxd4 Qc8 20. axb5 axb5 21.
Qd3 Qc4 22. b3 Qxd3 23. Rxd3 Bf6 24. Rb1 Re8 25. f3 Ra8 26. Rd2 Raa2 27. Rxc2
Bd4+ 28. Kh1 Rxc2 29. Ba3 Be5 30. Kg1 Kf8 31. Rd1 Ke7 32. g3 g5 33. Rd5 Ke6 34.
Rxb5 Re2 35. Rb4 Re1+ 36. Kf2 Rh1 37. Kg2 Ra1 38. Ra4 h5 39. Bb4 Rb1 40. Ba3
Rxb3 41. Bc1 f6 42. Kf2 Rc3 43. Bd2 Rc2 44. Ke3 Bc3 45. Bxc3 Rxc3+ 46. Kf2 Rc2+
47. Kg1 Ke5 48. Ra5+ Rc5 49. Ra8 d5 50. exd5 Rc1+ 51. Kg2 Rc2+ 52. Kh3 Rf2 53.
Rh8 Rxf3 54. Rxh5 Rd3 55. Rh8 Kf5 56. Rd8 g4+ 57. Kg2 Rd2+ 58. Kg1 Ke4 59. Re8+
Kf3 60. Re1 f5 61. d6 Rxd6 62. Rf1+ Ke4 63. Re1+ Kf3 64. Rf1+ Ke4 65. Re1+ Kf3
66. Rf1+ Ke4 67. Re1+ Kf3 68. Rf1+ 1/2-1/2

[Event "Ch City (open)"]
[Site "Novokuznetsk (Russia)"]
[Date "2010.12.12"]
[Round "9"]
[White "Sozin, Stepan"]
[Black "Chernov, M."]
[Result "1/2-1/2"]
[WhiteElo "2030"]
[BlackElo "2235"]
[PlyCount "38"]
[EventDate "2010.??.??"]
[EventRounds "9"]
[EventCountry "RUS"]
[SourceTitle "OM OTB B 201907"]
[Source "Opening Master"]
[SourceDate "2019.07.06"]
[SourceVersion "2"]
[SourceVersionDate "2019.07.06"]
[SourceQuality "1"]

1. e4 c5 2. Ne2 Nc6 3. d4 cxd4 4. Nxd4 Nf6 5. Nc3 d6 6. Be2 e5 7. Nf3 h6 8. h3
Be6 9. O-O Be7 10. Be3 O-O 11. Qd2 d5 12. exd5 Nxd5 13. Nxd5 Qxd5 14. Qxd5 Bxd5
15. Rfd1 Rfd8 16. a3 g5 17. Rd2 e4 18. Nd4 Nxd4 19. Bxd4 Be6 1/2-1/2

[Event "Petah Tiqwa-B"]
[Site "Petah Tiqwa"]
[Date "2010.12.10"]
[Round "6"]
[White "Shutzman, Joseph"]
[Black "Rabinovich, Joseph"]
[Result "0-1"]
[WhiteElo "2270"]
[BlackElo "2278"]
[PlyCount "104"]
[EventDate "2010.12.02"]
[EventType "tourn"]
[EventRounds "9"]
[EventCountry "ISR"]
[EventCategory "3"]
[SourceTitle "OM OTB B 201907"]
[Source "Opening Master"]
[SourceDate "2019.07.06"]
[SourceVersion "2"]
[SourceVersionDate "2019.07.06"]
[SourceQuality "1"]

1. e4 c5 2. Nf3 d6 3. d4 cxd4 4. Nxd4 Nf6 5. Nc3 Nc6 6. Be2 e5 7. Nf3 h6 8. O-O
Be7 9. h3 Be6 10. Re1 O-O 11. Bf1 Rc8 12. Nd5 Bxd5 13. exd5 Nb8 14. c4 Nh7 15.
Qa4 a6 16. b4 Ng5 17. Nxg5 Bxg5 18. Bxg5 Qxg5 19. Rac1 Rc7 20. Qa5 Rfc8 21. Qb6
Qf6 22. Rc3 Nd7 23. Qe3 Qh4 24. Bd3 g6 25. Rec1 Nf6 26. Bf1 Kg7 27. Rd1 b5 28.
c5 Qxb4 29. c6 Qa5 30. Rd2 Ne4 31. Ra3 Qb4 32. Rd1 Nc5 33. Rc3 Re8 34. Rdc1 Na4
35. Rb3 Qf4 36. Qe1 Nc5 37. Rb4 e4 38. Rd1 Qe5 39. Qe3 f5 40. g3 g5 41. Rbd4
Kf6 42. Qe2 f4 43. Qh5 Kg7 44. Bg2 f3 45. Bf1 Rf7 46. Kh2 e3 47. fxe3 Qxe3 48.
Rg4 Qf2+ 49. Kh1 Ne4 50. c7 Nxg3+ 51. Rxg3 Qxg3 52. Rc1 Re2 0-1

[Event "OP-01334"]
[Site "LSS"]
[Date "2010.12.07"]
[Round "?"]
[White "Vontina, Maria"]
[Black "Guralivu, Paul Iosif"]
[Result "0-1"]
[WhiteElo "870"]
[BlackElo "997"]
[PlyCount "38"]
[EventDate "2010.12.02"]
[SourceTitle "LSS to Dec2020"]
[Source "LSS ed TH"]
[SourceDate "2021.01.12"]
[SourceVersion "3"]
[SourceVersionDate "2021.01.12"]
[SourceQuality "1"]

1. e4 c5 2. Nf3 d6 3. d4 cxd4 4. Nxd4 Nf6 5. Nc3 Nc6 6. Be2 e5 7. Nb3 Be7 8.
Be3 O-O 9. O-O Be6 10. Qd2 a5 11. Nc1 d5 12. exd5 Nxd5 13. Nxd5 Bxd5 14. Nd3
Qc7 15. a3 Rfd8 16. Rac1 Bxg2 17. Rfe1 Be4 18. Qc3 Qd6 19. Rcd1 Qg6+ 0-1

[Event "?"]
[Site "?"]
[Date "2010.12.05"]
[Round "6.1"]
[White "Bylinkina, Anna"]
[Black "Atamyradova, Zheren"]
[Result "1-0"]
[WhiteElo "1848"]
[BlackElo "1578"]
[PlyCount "85"]
[EventDate "2010.07.14"]
[EventRounds "9"]
[SourceTitle "OM OTB B 201907"]
[Source "Opening Master"]
[SourceDate "2019.07.06"]
[SourceVersion "2"]
[SourceVersionDate "2019.07.06"]
[SourceQuality "1"]

1. e4 c5 2. Nf3 Nc6 3. d4 cxd4 4. Nxd4 Nf6 5. Nc3 d6 6. Be2 e5 7. Nb3 Be7 8.
Be3 Be6 9. f3 Bxb3 10. axb3 O-O 11. O-O h6 12. Qd2 Nh7 13. Rfd1 Ng5 14. Nd5 Ne6
15. Nxe7+ Qxe7 16. Qxd6 Qxd6 17. Rxd6 Rfd8 18. Rad1 a6 19. Bc4 Ned4 20. Rxd8+
Rxd8 21. Rd2 Kf8 22. c3 Nb5 23. Bc5+ Ke8 24. Bd5 f6 25. Bxc6+ bxc6 26. Rxd8+
Kxd8 27. Bf8 g6 28. Bxh6 Kd7 29. h4 Ke6 30. g4 Nd6 31. Bf8 a5 32. Bxd6 Kxd6 33.
Kf2 Ke6 34. Ke3 c5 35. Kd3 f5 36. Kc4 Kd6 37. gxf5 gxf5 38. exf5 Ke7 39. Kxc5
Kf6 40. Kd5 Kxf5 41. h5 Kg5 42. Kxe5 Kxh5 43. c4 1-0

[Event "BL2 Nord 1011 (Women)"]
[Site "Germany"]
[Date "2010.12.05"]
[Round "4.2"]
[White "Marx, Inge"]
[Black "Wagner Michel, Annett"]
[Result "0-1"]
[WhiteElo "1755"]
[BlackElo "2149"]
[PlyCount "68"]
[EventDate "2010.11.06"]
[EventType "team-tourn"]
[EventRounds "7"]
[EventCountry "GER"]
[SourceTitle "OM OTB B 201907"]
[Source "Opening Master"]
[SourceDate "2019.07.06"]
[SourceVersion "2"]
[SourceVersionDate "2019.07.06"]
[SourceQuality "1"]

1. e4 c5 2. Nf3 Nc6 3. d4 cxd4 4. Nxd4 Nf6 5. Nc3 d6 6. Be2 e5 7. Nb3 Be7 8.
Be3 a5 9. f3 O-O 10. O-O a4 11. Nd2 Be6 12. Nc4 Bxc4 13. Bxc4 Qa5 14. a3 Rfc8
15. Bb5 Na7 16. Bxa7 Rxa7 17. Qe2 Qb6+ 18. Qf2 Bd8 19. Nxa4 Rxa4 20. Bxa4 Qa5
21. Kh1 Qxa4 22. b3 Qb5 23. Qd2 Qc6 24. c4 Bb6 25. a4 Bd4 26. Rae1 Nd7 27. f4
Nc5 28. Qc2 Qb6 29. Rb1 Qb4 30. fxe5 dxe5 31. Rf3 Rc6 32. Rbf1 f6 33. Rh3 Ne6
34. Qe2 Nf4 0-1

[Event "2.liga A 2010/2011"]
[Site "Slovensko"]
[Date "2010.12.04"]
[Round "14.7"]
[White "Diviak, Rastislav"]
[Black "Hricak, Vasil"]
[Result "1-0"]
[WhiteElo "2014"]
[BlackElo "2051"]
[PlyCount "80"]
[EventDate "2010.10.23"]
[EventRounds "66"]
[EventCountry "SVK"]
[SourceTitle "OM OTB B 201907"]
[Source "Opening Master"]
[SourceDate "2019.07.06"]
[SourceVersion "2"]
[SourceVersionDate "2019.07.06"]
[SourceQuality "1"]

1. e4 c5 2. Nf3 Nc6 3. d4 cxd4 4. Nxd4 Nf6 5. Nc3 d6 6. Be2 e5 7. Nb3 Be7 8.
O-O O-O 9. Kh1 Be6 10. f4 exf4 11. Bxf4 Ne5 12. Nd4 Ng6 13. Bg3 Rc8 14. Ndb5
Qb6 15. Bf2 Qa5 16. Nxa7 Rxc3 17. bxc3 Nxe4 18. Bd4 Qg5 19. Bd3 Bd5 20. Bxe4
Bxe4 21. Qe2 d5 22. Be3 Qe5 23. Nb5 Nh4 24. Rf2 f5 25. Bf4 Qf6 26. Bg3 Ng6 27.
Raf1 Ne5 28. Nd4 Bc5 29. Rxf5 Bxf5 30. Rxf5 Qb6 31. Rxe5 Bd6 32. Re3 h5 33. Re8
Bxg3 34. Rxf8+ Kxf8 35. hxg3 Qb1+ 36. Kh2 Qxa2 37. Qxh5 Qc4 38. Qf5+ Kg8 39.
Qe6+ Kh7 40. Qf5+ Kg8 1-0

[Event "Pavlodar op"]
[Site "Pavlodar"]
[Date "2010.12.01"]
[Round "2"]
[White "Akhmetov, Ayan"]
[Black "Demianjuk, Alexander"]
[Result "0-1"]
[WhiteElo "2090"]
[BlackElo "2328"]
[PlyCount "100"]
[EventDate "2010.11.30"]
[EventType "swiss"]
[EventRounds "10"]
[EventCountry "KAZ"]
[SourceTitle "OM OTB B 201907"]
[Source "Opening Master"]
[SourceDate "2019.07.06"]
[SourceVersion "2"]
[SourceVersionDate "2019.07.06"]
[SourceQuality "1"]

1. e4 c5 2. Nf3 d6 3. d4 cxd4 4. Nxd4 Nf6 5. Nc3 Nc6 6. Be2 e5 7. Nb3 Be7 8.
O-O O-O 9. f4 a6 10. Be3 b5 11. a3 Bb7 12. f5 b4 13. axb4 Nxb4 14. Na5 Qc7 15.
Nxb7 Qxb7 16. Bf3 Rac8 17. g4 d5 18. exd5 e4 19. Bg2 Nbxd5 20. Nxe4 Qxb2 21.
Nxf6+ Nxf6 22. Rc1 Rfd8 23. Qe2 Re8 24. Qf3 Rc3 25. Qf4 Rxe3 26. Qxe3 Nxg4 27.
Qf4 Bc5+ 28. Kh1 Nf2+ 29. Rxf2 Bxf2 30. Rf1 Bd4 31. Qc7 Be5 32. Qd7 Rf8 33. c4
Qb8 34. h3 Qb3 35. Qd5 Qg3 36. Kg1 Qh2+ 37. Kf2 Bg3+ 38. Ke2 Re8+ 39. Kd1 Bh4
40. Kc1 Bg5+ 41. Kb1 Qb8+ 42. Ka2 Re2+ 43. Ka3 Qb2+ 44. Ka4 Qa2+ 45. Kb4 Be7+
46. c5 Rb2+ 47. Kc3 Bf6+ 48. Kd3 Qa3+ 49. Ke4 Re2+ 50. Kf4 Qe3+ 0-1

[Event "It (open) \"]
[Site "Krakow (Poland)"]
[Date "2010.12.??"]
[Round "4"]
[White "Ziogas, Modestas"]
[Black "Nowicki, Bartosz"]
[Result "0-1"]
[WhiteElo "2005"]
[BlackElo "2068"]
[PlyCount "80"]
[EventDate "2010.??.??"]
[EventRounds "9"]
[EventCountry "POL"]
[SourceTitle "OM OTB B 201907"]
[Source "Opening Master"]
[SourceDate "2019.07.06"]
[SourceVersion "2"]
[SourceVersionDate "2019.07.06"]
[SourceQuality "1"]

1. e4 c5 2. Nf3 d6 3. d4 cxd4 4. Nxd4 Nf6 5. Nc3 Nc6 6. Be2 e5 7. Nb3 Be6 8.
O-O Be7 9. f4 exf4 10. Bxf4 O-O 11. Qe1 a5 12. Kh1 a4 13. Nd2 Ne5 14. Nf3 Qc7
15. Ng5 a3 16. b3 Bd7 17. Rc1 h6 18. Nf3 Bc6 19. Bd3 Ng6 20. Bd2 Rfe8 21. Bc4
Bf8 22. Qg3 Bxe4 23. Nxe4 Nxe4 24. Qg4 Nf6 25. Qg3 Re4 26. Bc3 Rg4 27. Qe1 Re8
28. Qd1 d5 29. Bxf6 dxc4 30. Ne5 Rxe5 31. Qxg4 gxf6 32. Rcd1 Rg5 33. Qe4 cxb3
34. cxb3 Kg7 35. Rf2 b5 36. Rdf1 Be7 37. Rf5 b4 38. Rd1 Rxf5 39. Qxf5 Qe5 40.
Qf2 Bd6 0-1

[Event "Belgrade Trophy 23rd"]
[Site "Obrenovac"]
[Date "2010.11.30"]
[Round "7"]
[White "Lopez Pereyra, Antonio"]
[Black "Jovanovic, Sasa T"]
[Result "1-0"]
[WhiteElo "2064"]
[BlackElo "2304"]
[PlyCount "73"]
[EventDate "2010.11.24"]
[EventType "swiss"]
[EventRounds "9"]
[EventCountry "YUG"]
[SourceTitle "OM OTB B 201907"]
[Source "Opening Master"]
[SourceDate "2019.07.06"]
[SourceVersion "2"]
[SourceVersionDate "2019.07.06"]
[SourceQuality "1"]

1. e4 c5 2. Nf3 d6 3. d4 cxd4 4. Nxd4 Nf6 5. Nc3 Nc6 6. Be2 e5 7. Nb3 Be7 8.
Be3 O-O 9. g4 Be6 10. g5 Nd7 11. Rg1 a5 12. a3 a4 13. Nd2 Nd4 14. Bxd4 exd4 15.
Nb5 Bxg5 16. Nxd4 Bh6 17. Bg4 Qf6 18. c3 Nc5 19. Qe2 Bxd2+ 20. Kxd2 Qf4+ 21.
Qe3 Nxe4+ 22. Ke1 Qxh2 23. Nf3 Qxg1+ 24. Nxg1 Bxg4 25. f3 Nf6 26. Kf2 Be6 27.
Ne2 Ra5 28. Rg1 Re8 29. Qd4 Rf5 30. Ng3 Rd5 31. Qf4 b5 32. Ne4 Nxe4+ 33. fxe4
Rd3 34. Qg5 Kf8 35. Qxg7+ Ke7 36. Qg5+ f6 37. Qxb5 1-0

[Event "Belgrade Trophy 23rd"]
[Site "Obrenovac"]
[Date "2010.11.30"]
[Round "7"]
[White "Stojanovic, Kosara"]
[Black "Maljevic, Aleksa"]
[Result "0-1"]
[WhiteElo "1914"]
[BlackElo "1673"]
[PlyCount "40"]
[EventDate "2010.11.24"]
[EventType "swiss"]
[EventRounds "9"]
[EventCountry "YUG"]
[SourceTitle "OM OTB B 201907"]
[Source "Opening Master"]
[SourceDate "2019.07.06"]
[SourceVersion "2"]
[SourceVersionDate "2019.07.06"]
[SourceQuality "1"]

1. e4 c5 2. Nf3 Nc6 3. d4 cxd4 4. Nxd4 Nf6 5. Nc3 d6 6. Be2 e5 7. Nb3 Be7 8.
O-O O-O 9. Be3 a5 10. a4 Nb4 11. f3 Be6 12. Nb5 d5 13. c3 Nc6 14. exd5 Nxd5 15.
Bf2 Nf4 16. Nc5 Bxc5 17. Bxc5 Qg5 18. g3 Rfd8 19. Qe1 Rd2 20. Kh1 Rxe2 0-1

[Event "Ch City (open)"]
[Site "Novokuznetsk (Russia)"]
[Date "2010.11.28"]
[Round "5"]
[White "Sozin, Stepan"]
[Black "Geyko, Roman"]
[Result "1-0"]
[WhiteElo "2030"]
[BlackElo "1865"]
[PlyCount "83"]
[EventDate "2010.??.??"]
[EventRounds "9"]
[EventCountry "RUS"]
[SourceTitle "OM OTB B 201907"]
[Source "Opening Master"]
[SourceDate "2019.07.06"]
[SourceVersion "2"]
[SourceVersionDate "2019.07.06"]
[SourceQuality "1"]

1. e4 c5 2. Ne2 Nc6 3. Nbc3 Nf6 4. d4 cxd4 5. Nxd4 d6 6. Be2 e5 7. Nb3 Be7 8.
O-O O-O 9. Be3 a5 10. Bf3 a4 11. Nd2 Be6 12. a3 d5 13. exd5 Nxd5 14. Bxd5 Bxd5
15. Qe2 Re8 16. Rad1 Nd4 17. Qd3 Be6 18. Nc4 Bf5 19. Ne4 Qd5 20. f3 Rad8 21.
Kh1 b5 22. Nxe5 Qxe5 23. Bxd4 Qb8 24. c3 Rd6 25. Kg1 Rh6 26. g3 Bd6 27. Bf2 Rg6
28. Rfe1 Rge6 29. Qd5 Bxe4 30. Rxe4 Rxe4 31. fxe4 Be5 32. Kg2 Bf6 33. Bd4 Rd8
34. Qc5 Qb7 35. Kf3 Qd7 36. Qb6 Re8 37. Rd2 h5 38. Re2 Qg4+ 39. Kf2 Qh3 40. Kg1
Qg4 41. Qxb5 Bg5 42. Qxe8+ 1-0

[Event "CZE-chT1E 1011"]
[Site "Czechia"]
[Date "2010.11.28"]
[Round "4.5"]
[White "Senkyr, Martin"]
[Black "Obsivac, Josef"]
[Result "0-1"]
[WhiteElo "2160"]
[BlackElo "2278"]
[PlyCount "48"]
[EventDate "2010.10.10"]
[EventType "team-tourn"]
[EventRounds "11"]
[EventCountry "CZE"]
[SourceTitle "OM OTB B 201907"]
[Source "Opening Master"]
[SourceDate "2019.07.06"]
[SourceVersion "2"]
[SourceVersionDate "2019.07.06"]
[SourceQuality "1"]

1. e4 c5 2. Nf3 Nc6 3. Nc3 d6 4. d4 cxd4 5. Nxd4 Nf6 6. Be2 e5 7. Nb3 h6 8. Bc4
a6 9. a4 Qc7 10. Qe2 Nb4 11. Na2 d5 12. exd5 Nbxd5 13. O-O Bd6 14. Bd3 O-O 15.
c4 e4 16. cxd5 exd3 17. Qxd3 Bxh2+ 18. Kh1 Qe5 19. Qd1 Ng4 20. f3 Qh5 21. fxg4
Qh4 22. Rf5 Bxf5 23. gxf5 Bg3+ 24. Kg1 Rfe8 0-1

[Event "World ol U16"]
[Site "Burdur"]
[Date "2010.11.28"]
[Round "3"]
[White "Kovalev, Vladislav"]
[Black "Atabayev, Maksat"]
[Result "1/2-1/2"]
[WhiteElo "2355"]
[BlackElo "2342"]
[PlyCount "160"]
[EventDate "2010.11.27"]
[EventType "team-swiss"]
[EventRounds "10"]
[EventCountry "TUR"]
[SourceTitle "OM OTB B 201907"]
[Source "Opening Master"]
[SourceDate "2019.07.06"]
[SourceVersion "2"]
[SourceVersionDate "2019.07.06"]
[SourceQuality "1"]

1. e4 c5 2. Nf3 d6 3. d4 cxd4 4. Nxd4 Nf6 5. Nc3 Nc6 6. Be2 e5 7. Nf3 h6 8. O-O
Be7 9. h3 O-O 10. Nh2 Be6 11. Ng4 Nd4 12. Nxf6+ Bxf6 13. Bg4 Bc4 14. Re1 Qc7
15. a4 Rfd8 16. Be3 Qc6 17. Qd2 d5 18. Bxd4 exd4 19. Nxd5 Bxd5 20. exd5 Qxd5
21. Qd3 Re8 22. Kf1 Qa5 23. Rxe8+ Rxe8 24. Qb5 Qd8 25. a5 Re7 26. Re1 Rxe1+ 27.
Kxe1 Qc7 28. Bf3 Qe5+ 29. Qxe5 Bxe5 30. Bxb7 Bc7 31. a6 Kf8 32. Ke2 Ke7 33. Kd3
Bb6 34. Ke4 Kd6 35. h4 Bc5 36. h5 Bb6 37. f3 Bc5 38. Kf5 Bb4 39. Ke4 Bc5 40. g4
Bb6 41. Kf5 Ba5 42. Ke4 Bb6 43. Bd5 f5+ 44. gxf5 Bd8 45. b4 Bf6 46. Bb7 Kc7 47.
Kd5 Kb6 48. Kc4 Be5 49. b5 Bf6 50. Bc6 Be5 51. Kd5 Bf6 52. Kd6 Bg5 53. Ke5 Bf6+
54. Kd5 Kc7 55. Kc5 Kb8 56. Kd6 Bg5 57. Be4 Bh4 58. Kd7 Bg5 59. Kc6 Bh4 60. Kc5
Bf6 61. f4 Kc7 62. Bh1 Kb8 63. Bg2 Kc7 64. b6+ axb6+ 65. Kb5 Kb8 66. Kxb6 Bd8+
67. Kc5 Bf6 68. Kc4 Ka7 69. Bb7 Kb6 70. Kd5 Ka7 71. Kc6 Kb8 72. Bc8 Ka7 73. Kc7
Bh4 74. Bb7 Bf6 75. Kc8 Bh4 76. Kd7 Bf6 77. Kc6 Bh4 78. f6 Bxf6 79. Kd5 Kb6 80.
Ke4 Ka7 1/2-1/2

[Event "RUS-ch (Women) playoff 60th"]
[Site "Moscow"]
[Date "2010.11.27"]
[Round "2"]
[White "Pogonina, Natalija"]
[Black "Galliamova, Alisa"]
[Result "0-1"]
[WhiteElo "2472"]
[BlackElo "2487"]
[PlyCount "79"]
[EventDate "2010.11.27"]
[EventType "match (rapid)"]
[EventRounds "2"]
[EventCountry "RUS"]
[SourceTitle "OM OTB B 201907"]
[Source "Opening Master"]
[SourceDate "2019.07.06"]
[SourceVersion "2"]
[SourceVersionDate "2019.07.06"]
[SourceQuality "1"]

1. e4 c5 2. Nf3 Nc6 3. d4 cxd4 4. Nxd4 Nf6 5. Nc3 d6 6. Be2 e5 7. Nf3 h6 8. O-O
Be7 9. Re1 O-O 10. h3 a6 11. a4 Qc7 12. b3 Nb4 13. Bb2 Be6 14. Bf1 Rac8 15. Rc1
Rfd8 16. Qe2 Nd7 17. Qd2 Qb6 18. Ba3 Nf6 19. Qe3 Qa5 20. Bb2 Rd7 21. Red1 Rdc7
22. Qe1 Qb6 23. Nd2 Rxc3 24. Bxc3 Rxc3 25. Nc4 Bxc4 26. Qxc3 Bxf1 27. Rxf1 Nxe4
28. Qc8+ Bd8 29. Rcd1 g6 30. Qc4 d5 31. Rxd5 Nxd5 32. Qxd5 Nc3 33. Qc4 Qc6 34.
Qxc6 bxc6 35. Re1 e4 36. f3 Bb6+ 37. Kh2 e3 38. a5 Bd4 39. f4 e2 40. Kg3 0-1

[Event "World ol U16"]
[Site "Burdur"]
[Date "2010.11.27"]
[Round "1"]
[White "Whitfield, Craig M"]
[Black "Atabayev, Maksat"]
[Result "0-1"]
[WhiteElo "1960"]
[BlackElo "2342"]
[PlyCount "125"]
[EventDate "2010.11.27"]
[EventType "team-swiss"]
[EventRounds "10"]
[EventCountry "TUR"]
[SourceTitle "OM OTB B 201907"]
[Source "Opening Master"]
[SourceDate "2019.07.06"]
[SourceVersion "2"]
[SourceVersionDate "2019.07.06"]
[SourceQuality "1"]

1. e4 c5 2. Nf3 d6 3. d4 cxd4 4. Nxd4 Nf6 5. Nc3 Nc6 6. Be2 e5 7. Nb3 h6 8. Be3
Be7 9. O-O O-O 10. f4 exf4 11. Bxf4 Be6 12. Kh1 d5 13. Bf3 dxe4 14. Nxe4 Nd5
15. Bd2 Qb6 16. Qe1 Ne5 17. Nc3 Nxf3 18. Rxf3 Nf6 19. Qg3 Bd6 20. Qh4 Ng4 21.
Ne4 f5 22. Nxd6 Qxd6 23. Bf4 Qd8 24. Qg3 g5 25. Bd2 Bxb3 26. Rd3 Qb8 27. Qxb8
Raxb8 28. Rxb3 Rbd8 29. Bc3 b6 30. Ra3 Rd7 31. Re1 f4 32. Bb4 Rfd8 33. c4 Ne3
34. c5 bxc5 35. Bxc5 Rd1 36. Rg1 Rxg1+ 37. Kxg1 Rd1+ 38. Kf2 Rd2+ 39. Kf3 Nxg2
40. Bf2 Ne3 41. Bxe3 fxe3 42. Kxe3 Rxb2 43. Rxa7 Rxh2 44. a4 Ra2 45. Kf3 h5 46.
Ra5 g4+ 47. Kg3 Ra3+ 48. Kg2 Rh3 49. Ra7 h4 50. Ra5 Rg3+ 51. Kh2 Kg7 52. Rh5
Rh3+ 53. Kg2 Kg6 54. Rh8 Kg5 55. Rg8+ Kf4 56. Rf8+ Ke4 57. Re8+ Kd4 58. Rd8+
Kc4 59. Rg8 Rg3+ 60. Kf2 Kb4 61. Ra8 Rf3+ 62. Kg2 h3+ 63. Kh2 0-1

[Event "SN-00291"]
[Site "LSS"]
[Date "2010.11.27"]
[Round "?"]
[White "Vontina, Maria"]
[Black "Cook, Paul Desmond"]
[Result "0-1"]
[WhiteElo "886"]
[BlackElo "1043"]
[PlyCount "56"]
[EventDate "2010.11.13"]
[SourceTitle "LSS to Dec2020"]
[Source "LSS ed TH"]
[SourceDate "2021.01.12"]
[SourceVersion "3"]
[SourceVersionDate "2021.01.12"]
[SourceQuality "1"]

1. e4 c5 2. Nf3 d6 3. d4 cxd4 4. Nxd4 Nf6 5. Nc3 Nc6 6. Be2 e5 7. Nb3 Be6 8.
O-O Be7 9. Be3 O-O 10. a3 h6 11. Nd2 d5 12. exd5 Bxd5 13. Nf3 Be6 14. Qxd8
Rfxd8 15. Rfd1 Ng4 16. Bd2 Bf5 17. Rac1 e4 18. Ne1 Nd4 19. Bf1 Bc5 20. Na4 Nb3
21. cxb3 Bxf2+ 22. Kh1 Bd4 23. Nd3 exd3 24. Be1 Be5 25. h3 Ne3 26. Rd2 Nxf1 27.
Rf2 Ng3+ 28. Kg1 Ne2+ 0-1

[Event "Belgrade Trophy 23rd"]
[Site "Obrenovac"]
[Date "2010.11.24"]
[Round "1"]
[White "Ruzicic, Sinisa"]
[Black "Pancevski, Filip"]
[Result "0-1"]
[WhiteElo "1960"]
[BlackElo "2403"]
[PlyCount "124"]
[EventDate "2010.11.24"]
[EventType "swiss"]
[EventRounds "9"]
[EventCountry "YUG"]
[SourceTitle "OM OTB B 201907"]
[Source "Opening Master"]
[SourceDate "2019.07.06"]
[SourceVersion "2"]
[SourceVersionDate "2019.07.06"]
[SourceQuality "1"]

1. e4 c5 2. Nf3 d6 3. Nc3 Nf6 4. d4 cxd4 5. Nxd4 Nc6 6. Be2 e5 7. Nb3 Be6 8.
Be3 a5 9. O-O Be7 10. Bf3 a4 11. Nc1 Qa5 12. Nd5 Bxd5 13. exd5 Nb8 14. c4 Nbd7
15. Bd2 Qc7 16. Qe2 Nb6 17. Nd3 Qxc4 18. Rac1 Qb5 19. Rc7 Nbxd5 20. Rfc1 Nxc7
21. Rxc7 Rb8 22. Bb4 Qb6 23. Rxe7+ Kxe7 24. Qxe5+ Kd7 25. Qf5+ Ke8 26. Ba5 Qa6
27. g4 h6 28. Bc3 Qc4 29. Bxf6 gxf6 30. Qxf6 Kd7 31. Nf4 Rbd8 32. Nd5 Qc1+ 33.
Kg2 Kc8 34. Qxf7 Kb8 35. b4 Rhf8 36. Qe7 Qc6 37. Qe2 Rde8 38. Qd3 Qd7 39. Ne3
Rf4 40. a3 Ref8 41. Nf5 h5 42. h3 R4xf5 43. gxf5 Rxf5 44. Qd4 Re5 45. Qh4 Qg7+
46. Kh2 Rg5 47. Qe4 d5 48. Qe8+ Kc7 49. h4 Qe5+ 50. Qxe5+ Rxe5 51. Kg3 d4 52.
Kf4 Re1 53. Bxh5 d3 54. Kg5 Rg1+ 55. Kf5 Kd6 56. Be8 Rh1 57. h5 d2 58. Bxa4 b5
59. Bb3 Rxh5+ 60. Ke4 Rh1 61. a4 Rb1 62. Bc2 bxa4 0-1

[Event "OPEN CK Pressburg 2010"]
[Site "Piestany"]
[Date "2010.11.20"]
[Round "8.8"]
[White "Simek, Jiøi"]
[Black "Michenka, Jozef"]
[Result "0-1"]
[WhiteElo "2081"]
[BlackElo "2372"]
[PlyCount "120"]
[EventDate "2010.11.15"]
[EventRounds "9"]
[EventCountry "SVK"]
[SourceTitle "OM OTB B 201907"]
[Source "Opening Master"]
[SourceDate "2019.07.06"]
[SourceVersion "2"]
[SourceVersionDate "2019.07.06"]
[SourceQuality "1"]

1. e4 c5 2. Nf3 d6 3. d4 cxd4 4. Nxd4 Nf6 5. Nc3 Nc6 6. Be2 e5 7. Nb3 Be7 8.
O-O O-O 9. Be3 a5 10. Bf3 a4 11. Nd2 Be6 12. a3 d5 13. exd5 Nxd5 14. Nxd5 Bxd5
15. Ne4 Bc4 16. Qxd8 Rfxd8 17. Rfd1 f5 18. Nc3 e4 19. Be2 Bxe2 20. Nxe2 Bf6 21.
c3 Kf7 22. Bb6 Rxd1+ 23. Rxd1 Ne5 24. Nf4 g5 25. Nd5 Bd8 26. Bd4 Nd3 27. Rd2
Ke6 28. Nb4 Nxb4 29. cxb4 Rc8 30. f3 Rc4 31. Kf1 Bc7 32. fxe4 fxe4 33. g3 Be5
34. Bxe5 Kxe5 35. Ke2 Rd4 36. Rc2 Rd3 37. Rc4 Rb3 38. Rc2 Kd4 39. Rd2+ Rd3 40.
Rc2 Re3+ 41. Kd2 Rb3 42. Ke2 h5 43. Rd2+ Rd3 44. Rc2 Re3+ 45. Kd2 Rb3 46. Ke2
g4 47. Rd2+ Rd3 48. Rc2 Re3+ 49. Kd2 Rf3 50. Ke1 e3 51. Rc7 Rf2 52. Rd7+ Ke4
53. Rxb7 Rxh2 54. Re7+ Kf3 55. Rf7+ Kxg3 56. Rf5 h4 57. Re5 Kf4 58. Re8 h3 59.
Rf8+ Kg3 60. Re8 Rxb2 0-1

[Event "UKR-ch (Women)"]
[Site "Poltava"]
[Date "2010.11.20"]
[Round "8"]
[White "Goroshkova, Liudmila"]
[Black "Mamonova, Yulia"]
[Result "1/2-1/2"]
[WhiteElo "1979"]
[BlackElo "2048"]
[PlyCount "67"]
[EventDate "2010.11.13"]
[EventType "swiss"]
[EventRounds "9"]
[EventCountry "UKR"]
[SourceTitle "OM OTB B 201907"]
[Source "Opening Master"]
[SourceDate "2019.07.06"]
[SourceVersion "2"]
[SourceVersionDate "2019.07.06"]
[SourceQuality "1"]

1. e4 c5 2. Nf3 d6 3. d4 cxd4 4. Nxd4 Nf6 5. Nc3 Nc6 6. Be2 e5 7. Nb3 a5 8. Bg5
a4 9. Nd2 Be6 10. O-O Be7 11. Nf3 O-O 12. a3 h6 13. Bxf6 Bxf6 14. Nd5 Bxd5 15.
exd5 Nb8 16. Nd2 Qb6 17. Nc4 Qc7 18. Qd2 Nd7 19. Qb4 Nc5 20. Nd2 Be7 21. Nb1
Bd8 22. Nc3 Qe7 23. Bb5 Ba5 24. Qc4 Bxc3 25. Qxc3 Qg5 26. Qe3 Qxe3 27. fxe3
Rfc8 28. Rad1 Rc7 29. g3 Ne4 30. Bd3 Nf6 31. e4 Nd7 32. Kf2 Kf8 33. Ke3 Ke7 34.
Rf3 1/2-1/2